[Event "Schleswig Holstein-ch Seniors op"]
[Site "Buesum"]
[Date "2014.09.28"]
[Round "4"]
[White "Jung, Michael"]
[Black "Hamann, Guenter"]
[Result "1/2-1/2"]
[WhiteElo "1773"]
[BlackElo "2022"]
[PlyCount "53"]
[EventDate "2014.09.25"]
[EventType "swiss"]
[EventRounds "9"]
[EventCountry "GER"]
[SourceTitle "EXT 2018"]
[Source "ChessBase"]
[SourceDate "2017.10.13"]
[SourceVersion "1"]
[SourceVersionDate "2017.10.13"]
[SourceQuality "1"]

1. c4 c5 2. Nc3 Nc6 3. g3 Nf6 4. Bg2 e6 5. e4 d6 6. Nge2 Bd7 7. 0-0 Ne5 8. d3 Bc6 9. h3 h5 10. f4 Ng6 11. Be3 d5 12. cxd5 exd5 13. e5 d4 14. exf6 Bxg2 15. Kxg2 dxe3 16. fxg7 Bxg7 17. Qa4+ Kf8 18. Rad1 Rh6 19. d4 cxd4 20. Nxd4 Qb6 21. b3 Ne7 22. Nce2 Rd6 23. Nf3 Rad8 24. Rxd6 Rxd6 25. Qc4 Rc6 26. Qd3 Rd6 27. Qc4 1/2-1/2

[Event "SH-ch Seniors op"]
[Site "Eckernfoerde"]
[Date "2012.10.03"]
[Round "5.16"]
[White "Hamann, Guenter"]
[Black "Nickel, Juergen"]
[Result "1-0"]
[WhiteElo "2035"]
[BlackElo "1938"]
[PlyCount "75"]
[EventDate "2012.09.29"]
[EventType "swiss"]
[EventRounds "7"]
[EventCountry "GER"]
[SourceTitle "EXT 2022"]
[Source "ChessBase"]
[SourceDate "2021.10.06"]
[SourceVersion "1"]
[SourceVersionDate "2021.10.06"]
[SourceQuality "1"]

1. e4 c5 2. Nf3 a6 3. d4 cxd4 4. Nxd4 Nf6 5. Nc3 e5 6. Nf3 Bb4 7. Bd2 Nc6 8. Bd3 0-0 9. 0-0 d6 10. Bg5 h6 11. Bxf6 Qxf6 12. Nd5 Qd8 13. Nxb4 Nxb4 14. c3 Nc6 15. Qc2 Be6 16. Rad1 Qc7 17. Nh4 Rad8 18. Rd2 Ne7 19. Nf5 g6 20. Nxe7+ Qxe7 21. f4 f6 22. f5 gxf5 23. exf5 Bf7 24. Qa4 Kh7 25. Qh4 Rg8 26. Rf3 Rg5 27. Be2 Rh5 28. Qb4 b5 29. Rfd3 Qa7+ 30. Kh1 Qf2 31. h3 Rg8 32. Qe4 Rhg5 33. Bf3 Qf1+ 34. Kh2 d5 35. Rxd5 Bxd5 36. Qxd5 Qe1 37. Re2 Rxg2+ 38. Rxg2 1-0

[Event "SH-ch Seniors op"]
[Site "Eckernfoerde"]
[Date "2012.10.02"]
[Round "4.18"]
[White "Scepanik, Hans Juergen"]
[Black "Hamann, Guenter"]
[Result "1/2-1/2"]
[WhiteElo "1936"]
[BlackElo "2035"]
[PlyCount "47"]
[EventDate "2012.09.29"]
[EventType "swiss"]
[EventRounds "7"]
[EventCountry "GER"]
[SourceTitle "EXT 2022"]
[Source "ChessBase"]
[SourceDate "2021.10.06"]
[SourceVersion "1"]
[SourceVersionDate "2021.10.06"]
[SourceQuality "1"]

1. d4 Nf6 2. Nf3 g6 3. c4 Bg7 4. Nc3 d6 5. e4 0-0 6. Be2 Nbd7 7. 0-0 c5 8. d5 Ng4 9. Qc2 Nde5 10. Ne1 f5 11. f3 Nh6 12. f4 Neg4 13. Bxg4 Nxg4 14. Rf3 Bd4+ 15. Kh1 fxe4 16. Nxe4 Bf5 17. Qe2 Bxe4 18. Qxe4 Nf2+ 19. Rxf2 Bxf2 20. Qe6+ Rf7 21. Nf3 Qc8 22. Qe2 Bd4 23. Ng5 Rg7 24. Ne6 1/2-1/2

[Event "SH-ch Seniors op"]
[Site "Eckernfoerde"]
[Date "2012.10.01"]
[Round "3.9"]
[White "Hamann, Guenter"]
[Black "Niebuhr, Gerd"]
[Result "0-1"]
[WhiteElo "2035"]
[BlackElo "2071"]
[PlyCount "27"]
[EventDate "2012.09.29"]
[EventType "swiss"]
[EventRounds "7"]
[EventCountry "GER"]
[SourceTitle "EXT 2022"]
[Source "ChessBase"]
[SourceDate "2021.10.06"]
[SourceVersion "1"]
[SourceVersionDate "2021.10.06"]
[SourceQuality "1"]

1. e4 e5 2. Nf3 Nc6 3. Bc4 Nf6 4. Ng5 d5 5. exd5 b5 6. Bxb5 Qxd5 7. Bxc6+ Qxc6 8. Qf3 e4 9. Qb3 Bc5 10. d4 exd3 11. Qxd3 Qxg2 12. Rf1 0-0 13. Be3 Bxe3 14. fxe3 0-1

[Event "Schleswig Holstein-ch Seniors 64th"]
[Site "Altenholz"]
[Date "2009.04.08"]
[Round "6"]
[White "Hamann, Guenter"]
[Black "Schierling, Eckhard"]
[Result "1-0"]
[WhiteElo "2019"]
[BlackElo "1776"]
[PlyCount "55"]
[EventDate "2009.04.04"]
[EventType "swiss"]
[EventRounds "9"]
[EventCountry "GER"]
[SourceTitle "CBM 129 Extra"]
[Source "ChessBase"]
[SourceDate "2009.05.05"]
[SourceVersion "2"]
[SourceVersionDate "2009.05.20"]
[SourceQuality "1"]

1. e4 e5 2. Nc3 d6 3. Bc4 Nf6 4. f4 Nc6 5. Nf3 Be7 6. d4 a6 7. dxe5 dxe5 8. Qxd8+ Bxd8 9. fxe5 Nd7 10. e6 Nde5 11. Nxe5 Nxe5 12. exf7+ Nxf7 13. Bxf7+ Kxf7 14. 0-0+ Ke8 15. Bf4 Be6 16. Be5 Rg8 17. a4 g6 18. Bf6 Bxf6 19. Rxf6 Ke7 20. Raf1 Rgf8 21. Rxf8 Rxf8 22. Rxf8 Kxf8 23. Kf2 Ke7 24. Ke3 c6 25. Kd4 b6 26. a5 c5+ 27. Ke5 b5 28. Nd5+ 1-0

[Event "Schleswig Holstein-ch Seniors 64th"]
[Site "Altenholz"]
[Date "2009.04.06"]
[Round "3"]
[White "Berenstein, Alexander"]
[Black "Hamann, Guenter"]
[Result "1-0"]
[WhiteElo "2100"]
[BlackElo "2019"]
[PlyCount "153"]
[EventDate "2009.04.04"]
[EventType "swiss"]
[EventRounds "9"]
[EventCountry "GER"]
[SourceTitle "CBM 129 Extra"]
[Source "ChessBase"]
[SourceDate "2009.05.05"]
[SourceVersion "2"]
[SourceVersionDate "2009.05.20"]
[SourceQuality "1"]

1. d4 d5 2. c4 c6 3. g3 Nf6 4. Bg2 e6 5. Nf3 dxc4 6. 0-0 Nbd7 7. a4 a5 8. Qc2 Be7 9. Qxc4 0-0 10. Qc2 Nd5 11. e4 Nb4 12. Qb3 Nf6 13. Nc3 Qb6 14. h3 Nbd5 15. Qxb6 Nxb6 16. Bg5 h6 17. Bf4 Bb4 18. Ne5 Nfd7 19. Nd3 Be7 20. Rfd1 Nc4 21. b3 Nd6 22. Rac1 g5 23. Be3 Ne8 24. Kh2 Kg7 25. f4 Nc7 26. d5 exd5 27. exd5 cxd5 28. Nxd5 Nxd5 29. Bxd5 Bd8 30. Rc2 Bb6 31. Bc1 Bd8 32. Bf3 Re8 33. Kg2 Nf8 34. Bb2+ Bf6 35. fxg5 hxg5 36. Bxf6+ Kxf6 37. Nc5 Rb8 38. Rd6+ Kg7 39. Rb6 Ne6 40. Nxe6+ Rxe6 41. Rb5 Re3 42. Kf2 Rd3 43. Be2 Rd4 44. Rxg5+ Kf6 45. h4 Be6 46. Rb5 Rb4 47. Rc3 Rxb5 48. Bxb5 Rd8 49. Ke3 Rg8 50. Kd4 b6 51. Rf3+ Ke7 52. Bc4 Rg4+ 53. Kc3 Bxc4 54. bxc4 Ke6 55. Kb3 f5 56. Rc3 Kd6 57. Rd3+ Ke6 58. Kc3 Re4 59. h5 Re1 60. Kd2 Rh1 61. Rb3 Rxh5 62. Rxb6+ Ke5 63. Ke3 Rh3 64. Rb5+ Ke6 65. Kf4 Rh1 66. Re5+ Kd6 67. Rxf5 Rc1 68. Rxa5 Rxc4+ 69. Kf5 Kc6 70. g4 Kb6 71. Re5 Rxa4 72. g5 Kc7 73. g6 Ra1 74. g7 Rg1 75. Kf6 Kd7 76. Rg5 Rf1+ 77. Kg6 1-0

[Event "Schleswig Holstein-ch Seniors"]
[Site "Germany"]
[Date "2009.??.??"]
[Round "6"]
[White "Pfueller, Volker"]
[Black "Hamann, Guenter"]
[Result "0-1"]
[WhiteElo "1795"]
[BlackElo "2230"]
[PlyCount "112"]
[EventDate "2009.??.??"]
[EventType "swiss"]
[EventRounds "7"]
[EventCountry "GER"]
[SourceTitle "EXT 2011"]
[Source "ChessBase"]
[SourceDate "2010.11.26"]
[SourceVersion "1"]
[SourceVersionDate "2010.11.26"]
[SourceQuality "1"]

1. b4 e5 2. Bb2 f6 3. b5 d5 4. Nf3 Bd6 5. e3 Be6 6. Be2 Ne7 7. 0-0 Nd7 8. d3 c5 9. Nbd2 0-0 10. c3 Qe8 11. e4 d4 12. c4 Ng6 13. Ne1 Bc7 14. Rb1 Ba5 15. Bh5 Qe7 16. Bxg6 hxg6 17. Bc1 g5 18. Nb3 Bxe1 19. Qxe1 b6 20. Qe2 g6 21. g4 Qh7 22. f3 Kg7 23. Qg2 Rh8 24. Rb2 Nf8 25. a4 Bd7 26. a5 Ne6 27. Ra2 Rhb8 28. a6 Qg8 29. Bd2 Nc7 30. Nc1 Be6 31. Be1 Bxc4 32. dxc4 Qxc4 33. Qe2 Qxe2 34. Nxe2 Nxb5 35. Bd2 Rc8 36. Rb1 Nd6 37. Rd1 Kf7 38. Nc1 Ke6 39. Nd3 Nc4 40. Nc1 Nxd2 41. Rdxd2 c4 42. Rac2 b5 43. Na2 c3 44. Rd3 Rc4 45. Kf2 Rac8 46. Nc1 Rb4 47. Ke2 Rb2 48. Kd1 Rh8 49. Rxb2 cxb2 50. Kc2 Rxh2+ 51. Kb1 bxc1Q+ 52. Kxc1 Kd6 53. Kb1 Kc5 54. Rd1 Kc4 55. Rc1+ Kb3 56. Rd1 Rb2+ 0-1

[Event "Schleswig Holstein-ch Seniors 63rd"]
[Site "Gross Groenau"]
[Date "2008.03.18"]
[Round "5"]
[White "Seeck, Klaus"]
[Black "Hamann, Guenter"]
[Result "1-0"]
[WhiteElo "1994"]
[BlackElo "1929"]
[PlyCount "71"]
[EventDate "2008.03.15"]
[EventType "swiss"]
[EventRounds "9"]
[EventCountry "GER"]
[SourceTitle "EXT 2010"]
[Source "ChessBase"]
[SourceDate "2010.11.25"]
[SourceVersion "1"]
[SourceVersionDate "2010.11.25"]
[SourceQuality "1"]

1. d4 d5 2. c4 e6 3. Nc3 Nf6 4. Nf3 Nbd7 5. Bg5 c6 6. e3 Qa5 7. Nd2 Ne4 8. Ndxe4 dxe4 9. Bh4 Bb4 10. Qc2 0-0 11. Be2 f5 12. 0-0 Nf6 13. f3 exf3 14. Bxf3 e5 15. Rad1 e4 16. Be2 Bxc3 17. Qxc3 Qxc3 18. bxc3 Bd7 19. Rb1 b6 20. h3 Be6 21. a4 Nd7 22. Be7 Rf7 23. Bd6 Nf6 24. Rf2 h5 25. Bf4 g6 26. Bf1 Rd7 27. a5 bxa5 28. Ra2 Ne8 29. Rxa5 Rc8 30. Rba1 Nd6 31. c5 Nf7 32. h4 Rb7 33. Rxa7 Rb3 34. Re7 Nd8 35. Rxe6 Nxe6 36. Bc4 1-0

[Event "Schleswig Holstein-ch Seniors op"]
[Site "Eckernfoerde"]
[Date "2007.09.30"]
[Round "5"]
[White "Hamann, Guenter"]
[Black "Erhart, Uwe"]
[Result "1/2-1/2"]
[WhiteElo "2230"]
[BlackElo "2107"]
[PlyCount "28"]
[EventDate "2007.09.26"]
[EventType "swiss"]
[EventRounds "7"]
[EventCountry "GER"]
[SourceTitle "EXT 2008"]
[Source "ChessBase"]
[SourceDate "2007.11.25"]
[SourceVersion "1"]
[SourceVersionDate "2007.11.25"]
[SourceQuality "1"]

1. e4 c5 2. Nf3 d6 3. d4 cxd4 4. Nxd4 Nf6 5. Nc3 g6 6. Be2 Bg7 7. 0-0 0-0 8. Be3 Nc6 9. a4 d5 10. exd5 Nxd5 11. Nxd5 Nxd4 12. Bxd4 Qxd5 13. Bxg7 Qxd1 14. Rfxd1 Kxg7 1/2-1/2

[Event "Schleswig Holstein-ch Seniors op"]
[Site "Eckernfoerde"]
[Date "2007.09.28"]
[Round "3"]
[White "Hamann, Guenter"]
[Black "Hamm, Georg"]
[Result "0-1"]
[WhiteElo "2230"]
[BlackElo "2153"]
[PlyCount "127"]
[EventDate "2007.09.26"]
[EventType "swiss"]
[EventRounds "7"]
[EventCountry "GER"]
[SourceTitle "EXT 2008"]
[Source "ChessBase"]
[SourceDate "2007.11.25"]
[SourceVersion "1"]
[SourceVersionDate "2007.11.25"]
[SourceQuality "1"]

1. c4 Nf6 2. Nc3 e5 3. g3 d6 4. Bg2 Nc6 5. Nf3 g6 6. d3 Bg7 7. Bg5 h6 8. Bd2 Be6 9. 0-0 0-0 10. h3 a6 11. Qc1 Kh7 12. Ne1 Rb8 13. Kh2 Nd4 14. e3 Nf5 15. a4 c6 16. Nf3 Nd7 17. e4 Nd4 18. Nxd4 exd4 19. Ne2 Nc5 20. Qc2 a5 21. b4 axb4 22. Bxb4 Na6 23. Ba3 f5 24. f4 fxe4 25. Bxe4 Rf7 26. Bg2 c5 27. Rab1 d5 28. cxd5 Bxd5 29. Bxd5 Qxd5 30. Rb5 Bf8 31. Ng1 Re8 32. Rbb1 Re3 33. Rbd1 Bd6 34. Bc1 Nb4 35. Qb1 Rfe7 36. Bxe3 Rxe3 37. Rf2 g5 38. Ne2 gxf4 39. gxf4 Qh5 40. Ng1 Qh4 41. Rdf1 Nxd3 42. Rf3 Rxf3 43. Rxf3 c4 44. Rxd3 Qf2+ 45. Kh1 cxd3 46. Qxd3+ Kg7 47. Qe4 Qxf4 48. Qxb7+ Kf6 49. Qf3 d3 50. Qxf4+ Bxf4 51. Nf3 Kf5 52. Kg2 Ke4 53. Kf2 Be3+ 54. Kg2 Kd5 55. Kf1 Ke4 56. Kg2 Kf4 57. a5 h5 58. a6 h4 59. Nd2 Ba7 60. Nc4 Ke4 61. Nb2 d2 62. Kf1 Kf3 63. Nd1 Kg3 64. Nc3 0-1